[Event "Superliga w Szachach Szybkich"]
[Site "Wroclaw, Katowice, Krakow, Poznan"]
[Date "2023-10-17"]
[Round "12.5"]
[White "Raczek, Krzysztof"]
[Black "Volokitin, Andrei"]
[Result "1/2-1/2"]
[WhiteTitle "FM"]
[BlackTitle "GM"]
[WhiteElo "2317"]
[BlackElo "2626"]

1. e4 2. c5 3. Nf3 4. d6 5. d4 6. cxd4 7. Nxd4 8. Nf6 9. Nc3 10. a6 11. a3 12.
e5 13. Nf5 14. d5 15. Bg5 16. d4 17. Bxf6 18. gxf6 19. Nb1 20. Bxf5 21. exf5 22.
Qd5 23. Qd3 24. Nd7 25. Nd2 26. Nc5 27. Qc4 28. Qc6 29. b4 30. b5 31. Qe2 32.
Nb7 33. Qe4 34. Qc3 35. Bxb5+ 36. axb5 37. Qxb7 38. Qxa1+ 39. Ke2 40. Qxa3 41.
Qc6+ 42. Kd8 43. Qb6+ 44. Kc8 45. Qc6+ 46. Kd8 1/2-1/2

[Event "Superliga w Szachach Szybkich"]
[Site "Wroclaw, Katowice, Krakow, Poznan"]
[Date "2023-10-17"]
[Round "12.6"]
[White "Moranda, Wojciech"]
[Black "Turski, Bartlomiej"]
[Result "1-0"]
[WhiteTitle "GM"]
[BlackTitle "FM"]
[WhiteElo "2562"]
[BlackElo "2253"]

1. d4 2. Nf6 3. c4 4. g6 5. Nc3 6. d5 7. Nf3 8. Bg7 9. Qa4+ 10. c6 11. cxd5 12.
Nxd5 13. e4 14. Nb6 15. Qc2 16. O-O 17. Be3 18. Bg4 19. Ne5 20. Be6 21. Rd1 22.
N8d7 23. Nf3 24. Bg4 25. Be2 26. Bxf3 27. Bxf3 28. Nc4 29. Bc1 30. e5 31. dxe5
32. Ncxe5 33. Be2 34. b5 35. O-O 36. Qe7 37. Kh1 38. Nb6 39. f4 40. Nec4 41. e5
42. f6 43. b3 44. Na3 45. Bxa3 46. Qxa3 47. exf6 48. Bxf6 49. Ne4 50. Rac8 51.
Nd6 52. Rcd8 53. Qxc6 54. Qxa2 55. Qxb5 56. Kg7 57. Bf3 58. Qa3 59. Ne4 60. Rxd1
61. Rxd1 62. Qe7 63. g3 64. Rf7 65. Qc6 66. Rf8 67. Rd2 68. Qb4 69. Qc2 70. Rc8
71. Qd1 72. Rf8 73. Rd6 74. Be7 75. Rd4 76. Qb5 77. Kg2 78. a5 79. Nd6 80. Qc5
81. Rd2 82. Qb4 83. Ne4 84. Bf6 85. Rc2 86. Rd8 87. Rc7+ 88. Kh6 89. Rxh7+ 90.
Kxh7 91. Nxf6+ 92. Kg7 93. Qxd8 94. Qxb3 95. Qe7+ 1-0

[Event "Superliga w Szachach Szybkich"]
[Site "Wroclaw, Katowice, Krakow, Poznan"]
[Date "2023-10-17"]
[Round "12.7"]
[White "Fiedorek, Michal"]
[Black "Kowalczyk, Pawel"]
[Result "1-0"]
[WhiteTitle "FM"]
[BlackTitle "m"]
[WhiteElo "2067"]
[BlackElo "2251"]

1. e4 2. c5 3. Nf3 4. d6 5. d4 6. cxd4 7. Nxd4 8. a6 9. Nc3 10. e6 11. Be2 12.
b5 13. O-O 14. Bb7 15. Re1 16. Nd7 17. a4 18. b4 19. Na2 20. a5 21. c3 22. bxc3
23. Nxc3 24. Ngf6 25. Ndb5 26. Qb8 27. Bf4 28. Ne5 29. Rc1 30. Be7 31. Bf1 32.
O-O 33. h3 34. Rd8 35. Qc2 36. Ra6 37. Qb1 38. Rc6 39. b4 40. axb4 41. Qxb4 42.
Rc5 43. Be3 44. Rcc8 45. a5 46. Ba6 47. Bb6 48. Rd7 49. Qa4 50. Qa8 51. Na2 52.
Rxc1 53. Rxc1 54. Bxb5 55. Bxb5 56. Rb7 57. Bc6 58. Nxc6 59. Qxc6 60. g6 61. Nb4
62. d5 63. a6 64. Rb8 65. a7 66. Bxb4 67. axb8=Q+ 68. Qxb8 69. exd5 70. Nxd5 71.
Bd4 72. Ne7 73. Qd7 74. Qf4 75. Qe8# 1-0

[Event "Superliga w Szachach Szybkich"]
[Site "Wroclaw, Katowice, Krakow, Poznan"]
[Date "2023-10-17"]
[Round "12.8"]
[White "Maltsevskaya, Aleksandra"]
[Black "Kiolbasa, Oliwia"]
[Result "0-1"]
[WhiteTitle "IM"]
[BlackTitle "IM"]
[WhiteElo "2348"]
[BlackElo "2321"]

1. c4 2. e6 3. Nc3 4. d5 5. d4 6. Nf6 7. Nf3 8. Nbd7 9. Bf4 10. dxc4 11. e4 12.
Bb4 13. Qc2 14. b5 15. e5 16. Nd5 17. Bg5 18. f6 19. exf6 20. N7xf6 21. g3 22.
Bb7 23. Bg2 24. O-O 25. O-O 26. a6 27. Rae1 28. Qd6 29. Bd2 30. Rae8 31. h3 32.
Nxc3 33. bxc3 34. Ba3 35. Bf4 36. Qb6 37. Be5 38. Re7 39. Bxf6 40. gxf6 41. Nh4
42. Bxg2 43. Nxg2 44. c5 45. d5 46. Rfe8 47. dxe6 48. Rxe6 49. Rxe6 50. Qxe6 51.
Nf4 52. Qe4 53. Qd2 54. Kh8 55. Rd1 56. Rg8 57. Qd6 58. Qe5 59. Kg2 60. b4 61.
Qxe5 62. fxe5 63. Ne2 64. b3 65. Ra1 66. Bb2 0-1

[Event "Superliga w Szachach Szybkich"]
[Site "Wroclaw, Katowice, Krakow, Poznan"]
[Date "2023-10-17"]
[Round "12.9"]
[White "Tomczak, Jacek"]
[Black "Dragun, Kamil"]
[Result "1-0"]
[WhiteTitle "GM"]
[BlackTitle "GM"]
[WhiteElo "2549"]
[BlackElo "2553"]

1. e4 2. c5 3. Nf3 4. e6 5. d4 6. cxd4 7. Nxd4 8. Nc6 9. Nc3 10. Qc7 11. Be2 12.
a6 13. O-O 14. Nf6 15. Be3 16. Be7 17. f4 18. d6 19. Qe1 20. Nxd4 21. Bxd4 22.
O-O 23. Qg3 24. b5 25. a3 26. Bb7 27. Rae1 28. Rad8 29. Kh1 30. Bc6 31. Bd3 32.
Qd7 33. Nd1 34. Nh5 35. Qg4 36. Nf6 37. Qe2 38. Qb7 39. Nf2 40. g6 41. Ng4 42.
Nxg4 43. Qxg4 44. f5 45. Qh3 46. Bf6 47. c3 48. Kg7 49. e5 50. dxe5 51. fxe5 52.
Be7 53. Be2 54. a5 55. Be3 56. Kg8 57. b4 58. axb4 59. axb4 60. Bd5 61. Qg3 62.
Qc6 63. Bh6 64. Rf7 65. h4 66. Bf8 67. Bg5 68. Rc8 69. Rc1 70. Be7 71. h5 72.
Qc7 73. Bxe7 74. Qxe7 75. Bxb5 76. Kh8 77. h6 78. g5 79. Be2 80. g4 81. Kg1 82.
Qa7+ 83. Qf2 84. Qc7 85. Qe3 86. Rcf8 87. Rf4 88. Qe7 89. c4 90. Ba8 91. c5 92.
Qg5 93. c6 94. Qxh6 95. b5 96. Rg8 97. g3 98. Rg5 99. Bf1 100. Rh5 101. Bg2 102.
Kg7 103. Rd1 104. Rh2 105. Rd2 106. Qh5 107. Qb3 108. Ra7 109. Ra4 110. Rxa4 111.
Qxa4 112. Qh6 113. Qf4 1-0

[Event "Superliga w Szachach Szybkich"]
[Site "Wroclaw, Katowice, Krakow, Poznan"]
[Date "2023-10-17"]
[Round "12.10"]
[White "Krasenkow, Michal"]
[Black "Warakomski, Tomasz"]
[Result "1/2-1/2"]
[WhiteTitle "GM"]
[BlackTitle "GM"]
[WhiteElo "2453"]
[BlackElo "2461"]

1. Nf3 2. d5 3. d4 4. Nf6 5. c4 6. e6 7. e3 8. c6 9. Bd3 10. Nbd7 11. O-O 12. dxc4
13. Bxc4 14. b5 15. Bd3 16. Bb7 17. e4 18. Be7 19. Nbd2 20. a6 21. a4 22. Nc5
23. Bc2 24. Nxa4 25. Bxa4 26. bxa4 27. Qxa4 28. O-O 29. b4 30. Nd7 31. Nc4 32.
Nb6 33. Nxb6 34. Qxb6 35. Bd2 36. Rfd8 37. Bc3 38. Qc7 39. Qa5 40. Qxa5 41. Rxa5
42. c5 43. bxc5 44. Bxe4 45. Rfa1 46. Bd3 47. Ne5 48. Bb5 49. f4 50. Rac8 51.
Kf2 52. f6 53. Nf3 54. Kf7 55. g4 56. Rb8 57. Kg3 58. Rdc8 59. f5 60. exf5 61.
gxf5 62. Bd8 63. R5a3 64. Rb7 65. Ba5 66. Rd7 67. Bxd8 68. Rcxd8 69. Re1 70. Rd5
71. Kf4 72. g5+ 73. fxg6+ 74. hxg6 75. h4 76. Bc6 77. Kg3 78. Rf5 79. Ree3 80.
Bxf3 81. Rxf3 82. Rxf3+ 83. Kxf3 84. Rxd4 85. h5 86. gxh5 87. Rxa6 88. Rc4 89.
Rc6 90. Kg6 91. Rc8 92. Kf5 93. Kg3 94. Ke6 95. c6 96. Kd6 97. Rf8 98. Rxc6 99.
Rxf6+ Ke5 1/2-1/2

[Event "Superliga w Szachach Szybkich"]
[Site "Wroclaw, Katowice, Krakow, Poznan"]
[Date "2023-10-17"]
[Round "12.11"]
[White "Klekowski, Maciej"]
[Black "Kanarek, Marcel"]
[Result "1-0"]
[WhiteTitle "GM"]
[BlackTitle "GM"]
[WhiteElo "2405"]
[BlackElo "2400"]

1. c4 2. e5 3. g3 4. Nf6 5. Nc3 6. c6 7. Nf3 8. e4 9. Nd4 10. Qb6 11. Nc2 12. d5
13. Bg2 14. Be7 15. cxd5 16. cxd5 17. d3 18. O-O 19. O-O 20. Nc6 21. dxe4 22.
dxe4 23. Nxe4 24. Nxe4 25. Bxe4 26. Bh3 27. Be3 28. Qxb2 29. Bg2 30. Bxg2 31.
Kxg2 32. Rfd8 33. Qc1 34. Qe5 35. Ne1 36. Ba3 37. Nf3 38. Bxc1 39. Nxe5 40. Bxe3
41. Nxc6 42. bxc6 43. fxe3 44. Rd2 45. Kf3 46. Rad8 47. Rfc1 48. R8d6 49. e4 50.
g6 51. Ke3 52. Rb2 53. Rcb1 54. Rdd2 55. Rxb2 56. Rxb2 57. a4 58. Kf8 59. Rc1
60. Rb3+ 61. Kf4 62. Rb6 63. a5 64. Rb5 65. Rxc6 66. Rxa5 67. Rc7 68. h6 69. h4
70. Ra1 71. e5 72. a5 73. Ra7 74. a4 75. e6 76. f6 77. h5 78. gxh5 79. Kf5 80.
Rf1+ 81. Kg6 82. Rg1 83. Kxf6 84. Rf1+ 85. Ke5 86. Ra1 87. Kf6 88. Rf1+ 89. Kg6
90. Rg1 91. e7+ 92. Ke8 93. Kf6 1-0

[Event "Superliga w Szachach Szybkich"]
[Site "Wroclaw, Katowice, Krakow, Poznan"]
[Date "2023-10-17"]
[Round "12.12"]
[White "Zawadzka, Beata"]
[Black "Antolak, Julia"]
[Result "1-0"]
[WhiteTitle "WGM"]
[BlackTitle "WGM"]
[WhiteElo "2211"]
[BlackElo "2192"]

1. e4 2. c5 3. Nf3 4. e6 5. d4 6. cxd4 7. Nxd4 8. Nf6 9. Bd3 10. Nc6 11. Nxc6 12.
bxc6 13. O-O 14. d5 15. Nd2 16. Be7 17. b3 18. Qc7 19. Bb2 20. Bb7 21. Qe2 22.
a5 23. f4 24. Ba6 25. c4 26. Rd8 27. e5 28. Nd7 29. f5 30. Nc5 31. fxe6 32. Nxe6
33. Rad1 34. Bg5 35. Bf5 36. O-O 37. Nf3 38. Bh6 39. Qc2 40. g6 41. Bxe6 42. fxe6
43. Ba3 44. Rf5 45. Rfe1 46. Rc8 47. Bd6 48. Qf7 49. c5 50. Bf4 51. Nd4 52. Rh5
53. g3 54. Bh6 55. Qc3 56. a4 57. b4 58. Bc4 59. a3 60. Bg7 61. Rb1 62. g5 63.
Rb2 64. Qg6 65. Rf2 66. g4 67. Rf4 68. Rg5 69. Qb2 70. h5 71. Qf2 72. h4 73. Qe3
74. hxg3 75. Qxg3 76. Re8 77. Rf2 78. Qh5 79. Nxc6 80. Kh8 81. Nd4 82. Rg6 83.
c6 84. Rh6 85. c7 86. Qg6 87. Rf4 88. Qh5 89. Rxg4 90. Rg8 91. Rxg7 92. Rxg7 93.
c8=Q+ 94. Kh7 95. Qxg7+ 96. Kxg7 97. Bf8+ 98. Kh7 99. Qd7+ 1-0

[Event "Superliga w Szachach Szybkich"]
[Site "Wroclaw, Katowice, Krakow, Poznan"]
[Date "2023-10-17"]
[Round "12.13"]
[White "Navara, David"]
[Black "Bartel, Mateusz"]
[Result "1-0"]
[WhiteTitle "GM"]
[BlackTitle "GM"]
[WhiteElo "2707"]
[BlackElo "2520"]

1. e4 2. e5 3. Nf3 4. Nc6 5. Bb5 6. a6 7. Ba4 8. Nf6 9. O-O 10. Be7 11. Re1 12.
b5 13. Bb3 14. d6 15. c3 16. O-O 17. h3 18. Be6 19. d4 20. Bxb3 21. Qxb3 22. Re8
23. Nbd2 24. Bf8 25. d5 26. Ne7 27. a4 28. Qd7 29. Nf1 30. h6 31. Ng3 32. c6 33.
dxc6 34. Qxc6 35. Bd2 36. Reb8 37. axb5 38. Rxb5 39. Qc2 40. Rab8 41. Ra2 42.
Qc4 43. Ra4 44. Qc8 45. Ra2 46. Rb3 47. Rea1 48. Nc6 49. Bc1 50. a5 51. Nd2 52.
R3b5 53. Nc4 54. d5 55. exd5 56. Nxd5 57. Ra4 58. Nb6 59. Nxb6 60. R8xb6 61. Qf5
62. Qxf5 63. Nxf5 64. Bc5 65. Rg4 66. g6 67. Nxh6+ 68. Kf8 69. h4 70. Rxb2 71.
Bxb2 72. Rxb2 73. Rc4 74. Bxf2+ 75. Kh2 76. Ne7 77. Rxa5 78. Kg7 79. Rxe5 80.
Kxh6 81. Rxe7 82. f5 83. Rcc7 84. Kh5 85. Kh3 1-0

[Event "Superliga w Szachach Szybkich"]
[Site "Wroclaw, Katowice, Krakow, Poznan"]
[Date "2023-10-17"]
[Round "12.14"]
[White "Mastrovasilis, Dimitrios"]
[Black "Piorun, Kacper"]
[Result "1/2-1/2"]
[WhiteTitle "GM"]
[BlackTitle "GM"]
[WhiteElo "2566"]
[BlackElo "2472"]

1. e4 2. e6 3. d4 4. d5 5. Nc3 6. Bb4 7. exd5 8. exd5 9. Bd3 10. Nf6 11. Ne2 12.
O-O 13. O-O 14. Re8 15. a3 16. Bf8 17. Bf4 18. c6 19. Qd2 20. Nbd7 21. Ng3 22.
g6 23. Rae1 24. Bg7 25. Rxe8+ 26. Nxe8 27. Nce2 28. Nf8 29. c3 30. Nd6 31. Re1
32. Be6 33. Bh6 34. f6 35. h4 36. Qd7 37. Bxg7 38. Kxg7 39. Nf4 40. Bf7 41. f3
42. Re8 43. Rxe8 44. Qxe8 45. Kf2 46. Qd7 47. Qe3 48. Qe8 49. Nge2 50. h6 51.
Qxe8 52. Bxe8 53. g4 54. g5 55. Ng2 56. Bg6 57. Nc1 58. Ne6 59. Bxg6 60. Kxg6
61. Nd3 62. h5 63. gxh5+ 64. Kxh5 65. hxg5 66. Kxg5 67. Kg3 68. Nf5+ 69. Kf2 70.
Nd6 71. Kg3 1/2-1/2

[Event "Superliga w Szachach Szybkich"]
[Site "Wroclaw, Katowice, Krakow, Poznan"]
[Date "2023-10-17"]
[Round "12.15"]
[White "Socko, Bartosz"]
[Black "Gumularz, Szymon"]
[Result "1/2-1/2"]
[WhiteTitle "GM"]
[BlackTitle "GM"]
[WhiteElo "2522"]
[BlackElo "2553"]

1. d4 2. Nf6 3. Nf3 4. d5 5. g3 6. g6 7. Bg2 8. Bg7 9. c4 10. c6 11. Qb3 12. O-O
13. O-O 14. Qb6 15. Nc3 16. Rd8 17. Na4 18. Qxb3 19. axb3 20. Na6 21. Bf4 22.
Bf5 23. Rfc1 24. h6 25. Be5 26. g5 27. h4 28. g4 29. Ne1 30. h5 31. e3 32. Ne4
33. Bxg7 34. Kxg7 35. cxd5 36. cxd5 37. Bf1 38. Nb4 39. Rc7 40. b6 41. Nc3 42.
Rd7 43. Rxd7 44. Bxd7 45. Bd3 46. Nd6 47. Kf1 48. a5 49. Ke2 50. Rc8 51. Kd2 52.
f6 53. Bf1 54. Bf5 55. Bd3 56. Bxd3 57. Nxd3 58. Rxc3 59. bxc3 60. Ne4+ 61. Ke2
62. Nxc3+ 63. Kd2 64. Ne4+ 65. Ke2 66. Nc3+ 67. Kd2 68. Ne4+ 69. Ke2 70. Nc3+
1/2-1/2

[Event "Superliga w Szachach Szybkich"]
[Site "Wroclaw, Katowice, Krakow, Poznan"]
[Date "2023-10-17"]
[Round "12.16"]
[White "Zawadzka, Jolanta"]
[Black "Socko, Monika"]
[Result "1/2-1/2"]
[WhiteTitle "WGM"]
[BlackTitle "GM"]
[WhiteElo "2258"]
[BlackElo "2303"]

1. e4 2. c6 3. Nf3 4. d5 5. d3 6. g6 7. e5 8. d4 9. Nbd2 10. Bg7 11. Nb3 12. c5
13. Be2 14. Nc6 15. O-O 16. b6 17. Re1 18. Nh6 19. c3 20. O-O 21. cxd4 22. cxd4
23. Bf4 24. Bb7 25. h3 26. e6 27. Nbd2 28. Nf5 29. Ne4 30. Kh8 31. Rc1 32. Nb4
33. a3 34. Nd5 35. Bg5 36. Qd7 37. g4 38. Nfe7 39. Nf6 40. Qb5 41. Qd2 42. Ng8
43. Nxd4 44. Qa6 45. Nxg8 46. Kxg8 47. Nf3 48. Qa4 49. d4 50. Rfc8 51. Rxc8+ 52.
Rxc8 53. Rc1 54. Qd7 55. Rxc8+ 56. Qxc8 57. Ne1 58. Qf8 59. Bf3 60. h6 61. Be3
62. Kh7 63. Bg2 64. Qc8 65. Nd3 66. Qc4 67. Nf4 68. Nxf4 69. Bxf4 70. Bxg2 71.
Kxg2 72. Bf8 73. f3 74. b5 75. Be3 76. b4 77. axb4 78. Bxb4 79. Qd1 80. a5 81.
Bf2 82. Kg7 83. h4 84. Kh7 85. Qb1 86. Qe2 87. h5 88. Kg7 89. hxg6 90. fxg6 91.
Qc1 92. h5 93. gxh5 94. Bd2 95. Qf1 96. Qxf1+ 97. Kxf1 98. gxh5 99. Ke2 100. Bc1
101. b3 102. Kg6 103. Be1 104. Bb2 105. Bxa5 106. Bxd4 107. Bc7 108. Kf5 109.
Kf1 110. Bxe5 111. Bd8 112. Bd6 113. Kg2 114. Kf4 115. Bh4 116. Ke3 117. Be1 1/2-1/2

[Event "Superliga w Szachach Szybkich"]
[Site "Wroclaw, Katowice, Krakow, Poznan"]
[Date "2023-10-17"]
[Round "13.1"]
[White "Navara, David"]
[Black "Brodowski, Piotr"]
[Result "1-0"]
[WhiteTitle "GM"]
[BlackTitle "IM"]
[WhiteElo "2707"]
[BlackElo "2367"]

1. e4 2. c5 3. Nf3 4. Nc6 5. Bb5 6. g6 7. O-O 8. Bg7 9. c3 10. Nf6 11. Re1 12.
O-O 13. d4 14. d5 15. e5 16. Ne4 17. Be3 18. cxd4 19. cxd4 20. Qb6 21. Bxc6 22.
bxc6 23. Qc1 24. f6 25. Nc3 26. Rb8 27. b3 28. Bd7 29. Bh6 30. Bxh6 31. Qxh6 32.
Nxc3 33. exf6 34. exf6 35. Re7 36. Rf7 37. Rxf7 38. Kxf7 39. Qxh7+ 40. Ke6 41.
Qxg6 42. Ne4 43. Re1 44. Kd6 45. h4 46. Be6 47. h5 48. Rg8 49. Qh6 50. Qc7 51.
Nh4 52. Qg7 53. Qc1 54. Kc7 55. Qa3 56. Kb7 57. Ng6 58. Bf5 59. Qe7+ 60. Kb8 61.
Qxg7 62. Rxg7 63. Nf4 64. Kc7 65. f3 66. Nd6 67. Kf2 68. Bd7 69. g4 70. Nf7 71.
Ne6+ 72. Bxe6 73. Rxe6 74. f5 75. Re7+ 76. Kd6 77. Rxa7 78. fxg4 79. fxg4 80.
Ke6 81. Kg3 82. Rg8 83. Rc7 84. Nd6 85. Rxc6 86. Kd7 87. Ra6 88. Nf5+ 89. Kf4
90. Nxd4 91. h6 92. Ne6+ 93. Ke5 94. Rxg4 95. Rd6+ 1-0

[Event "Superliga w Szachach Szybkich"]
[Site "Wroclaw, Katowice, Krakow, Poznan"]
[Date "2023-10-17"]
[Round "13.2"]
[White "Licznerski, Lukasz"]
[Black "Piorun, Kacper"]
[Result "0-1"]
[WhiteTitle "IM"]
[BlackTitle "GM"]
[WhiteElo "2423"]
[BlackElo "2472"]

1. e4 2. e6 3. d4 4. d5 5. Nd2 6. c5 7. Ngf3 8. cxd4 9. exd5 10. Qxd5 11. Bc4 12.
Qd7 13. O-O 14. Nc6 15. Nb3 16. a6 17. Nbxd4 18. Nxd4 19. Qxd4 20. Qxd4 21. Nxd4
22. Bd7 23. Be2 24. Bc5 25. Nb3 26. Bb6 27. Bf3 28. O-O-O 29. Bf4 30. Ne7 31.
Bd6 32. Nf5 33. Bc5 34. Kc7 35. Be4 36. Bxc5 37. Nxc5 38. Nd6 39. Bf3 40. Bb5
41. Rfd1 42. b6 43. a4 44. bxc5 45. axb5 46. Nxb5 47. Rxd8 48. Rxd8 49. Rxa6 50.
Rd2 51. Rc6+ 52. Kd7 53. Rxc5 54. Nd4 55. h4 56. Nxc2 57. Be4 58. Nd4 59. b4 60.
f5 61. Ba8 62. Rb2 63. Rc4 64. e5 65. g3 66. Kd6 67. Kg2 68. Nc2 69. Rc6+ 70.
Kd7 71. Ra6 72. Nxb4 73. Ra7+ 74. Ke6 75. Rxg7 76. Nd3 77. Rxh7 78. Nxf2 79. Rb7
80. Rd2 81. Rb6+ 82. Ke7 83. Kg1 84. e4 85. Kf1 86. Ng4 87. Ke1 88. Rd3 89. h5
90. Re3+ 91. Kd1 92. Rxg3 93. h6 94. Rh3 95. h7 96. Kf7 97. Bd5+ 98. Kg7 99. Rb7+
100. Kf6 101. Rf7+ 102. Ke5 103. Bb7 104. Nf6 105. Re7+ 106. Kd6 107. Rf7 108.
Ke6 109. Rc7 110. Rh1+ 111. Ke2 112. Rh2+ 113. Ke1 114. f4 115. Rc4 116. Ke5 117.
Rc5+ 118. Kd4 119. Rf5 120. Ke3 121. Kf1 122. Nxh7 123. Re5 124. Nf6 125. Re6
126. f3 0-1

[Event "Superliga w Szachach Szybkich"]
[Site "Wroclaw, Katowice, Krakow, Poznan"]
[Date "2023-10-17"]
[Round "13.3"]
[White "Socko, Bartosz"]
[Black "Sieciechowicz, Marcin"]
[Result "1/2-1/2"]
[WhiteTitle "GM"]
[BlackTitle "IM"]
[WhiteElo "2522"]
[BlackElo "2329"]

1. g3 2. d5 3. Bg2 4. Nf6 5. Nf3 6. g6 7. O-O 8. Bg7 9. d3 10. O-O 11. Nbd2 12.
c5 13. e4 14. Nc6 15. a3 16. b6 17. Re1 18. e5 19. exd5 20. Nxd5 21. Nc4 22. f6
23. Nfd2 24. Be6 25. Ne4 26. Qc7 27. f4 28. Rad8 29. fxe5 30. Nxe5 31. Nxe5 32.
fxe5 33. Bg5 34. Rde8 35. Qd2 36. Kh8 37. Rf1 38. c4 39. Rae1 40. cxd3 41. Qxd3
42. h6 43. Rxf8+ 44. Rxf8 45. c4 46. Ne7 47. Bxe7 48. Qxe7 49. Rd1 50. Qc7 51.
b3 52. Bf5 53. Qd5 54. Qe7 55. b4 56. Bg4 57. Qd6 58. Qe8 59. Rd2 60. Qa4 61.
Rf2 62. Qd1+ 63. Qxd1 64. Bxd1 65. Rd2 66. Bb3 67. c5 68. bxc5 69. bxc5 70. Rc8
71. Rd6 72. Bf8 73. Rxg6 74. Bxc5+ 75. Nxc5 76. Rxc5 77. Rxh6+ 78. Kg7 79. Rc6
80. Ra5 81. g4 82. Rxa3 83. Be4 84. a5 85. g5 86. a4 87. Rc7+ 88. Kf8 89. g6 90.
Ra1+ 91. Kf2 92. a3 93. Rb7 94. a2 95. Rxb3 96. Rf1+ 97. Kxf1 98. a1=Q+ 99. Rb1
100. Qd4 101. Re1 102. Kg7 103. Re2 104. Qc3 105. Kg2 106. Kh6 107. Kf2 108. Qb3
109. Kg2 110. Qa3 111. Kf2 112. Kg5 113. g7 114. Qa7+ 115. Re3 116. Kf4 117. g8=Q
118. Qxe3+ 119. Kf1 120. Qxe4 121. Qg3+ 122. Kf5 123. Qf2+ 124. Qf4 1/2-1/2

[Event "Superliga w Szachach Szybkich"]
[Site "Wroclaw, Katowice, Krakow, Poznan"]
[Date "2023-10-17"]
[Round "13.4"]
[White "Kulon, Klaudia"]
[Black "Socko, Monika"]
[Result "0-1"]
[WhiteTitle "IM"]
[BlackTitle "GM"]
[WhiteElo "2271"]
[BlackElo "2303"]

1. c4 2. e5 3. g3 4. Nc6 5. Bg2 6. d6 7. Nc3 8. Nf6 9. e3 10. Be7 11. d4 12. O-O
13. Nge2 14. Bf5 15. h3 16. Re8 17. d5 18. Nb8 19. e4 20. Bd7 21. O-O 22. a5 23.
f4 24. Na6 25. Be3 26. b6 27. a3 28. Qc8 29. f5 30. Rf8 31. g4 32. Ne8 33. g5
34. Nc5 35. b4 36. axb4 37. axb4 38. Rxa1 39. Qxa1 40. Na6 41. Qb2 42. f6 43.
h4 44. fxg5 45. hxg5 46. Qd8 47. Ra1 48. Bc8 49. Qd2 50. Nxb4 51. Nb5 52. Na6
53. Na7 54. Bb7 55. Nc6 56. Bxc6 57. dxc6 58. Nc5 59. Ra3 60. d5 61. exd5 62.
Nd6 63. Bxc5 64. bxc5 65. f6 66. gxf6 67. gxf6 68. Bxf6 69. Rh3 70. Bg7 71. Ng3
72. Rf4 73. Nh5 74. Rg4 75. Nxg7 76. Rxg7 77. Qf2 78. Qg5 79. Rf3 80. h5 81. Kh2
82. e4 83. Rf8+ 84. Kh7 85. Bh3 86. e3 87. Qe1 88. Qe5+ 89. Kh1 90. e2 91. Rf2
92. Ne4 93. Bg2 94. Nxf2+ 0-1

[Event "Superliga w Szachach Szybkich"]
[Site "Wroclaw, Katowice, Krakow, Poznan"]
[Date "2023-10-17"]
[Round "13.5"]
[White "Bartel, Mateusz"]
[Black "Tomczak, Jacek"]
[Result "1/2-1/2"]
[WhiteTitle "GM"]
[BlackTitle "GM"]
[WhiteElo "2520"]
[BlackElo "2549"]

1. e4 2. c6 3. Nf3 4. d5 5. d3 6. dxe4 7. dxe4 8. Qxd1+ 9. Kxd1 10. Nf6 11. Nbd2
12. g6 13. Ne5 14. Bg7 15. Nd3 16. h5 17. c3 18. h4 19. h3 20. Nbd7 21. Be2 22.
b6 23. Re1 24. Ba6 25. e5 26. Nd5 27. e6 28. fxe6 29. Ne4 30. O-O-O 31. Kc2 32.
Rdf8 33. f3 34. Bh6 35. Bxh6 36. Rxh6 37. Ne5 38. Bxe2 39. Nxd7 40. Bd3+ 41. Kxd3
42. Kxd7 43. Rad1 44. Rh5 45. c4 46. Nf4+ 47. Ke3+ 48. Kc8 49. Rd2 50. e5 51.
Red1 52. Rhh8 53. Ng5 54. Rh5 55. Ne4 56. Rhh8 57. Ng5 58. Rf5 59. Ne4 60. Rff8
61. Ng5 62. Rf5 63. Ne4 64. Rff8 65. Ng5 66. Rf5 67. Ne4 1/2-1/2

[Event "Superliga w Szachach Szybkich"]
[Site "Wroclaw, Katowice, Krakow, Poznan"]
[Date "2023-10-17"]
[Round "13.6"]
[White "Warakomski, Tomasz"]
[Black "Mastrovasilis, Dimitrios"]
[Result "1/2-1/2"]
[WhiteTitle "GM"]
[BlackTitle "GM"]
[WhiteElo "2461"]
[BlackElo "2566"]

1. e4 2. e5 3. Nf3 4. Nc6 5. Bc4 6. Nf6 7. d3 8. Be7 9. O-O 10. O-O 11. Re1 12.
d6 13. a4 14. Kh8 15. a5 16. a6 17. h3 18. Ng8 19. Nc3 20. f5 21. Nd5 22. Bf6
23. Ra3 24. Nce7 25. Nxf6 26. Nxf6 27. Ng5 28. Qe8 29. d4 30. f4 31. dxe5 32.
dxe5 33. b4 34. Ng6 35. Rd3 36. Bd7 37. Ba2 38. h6 39. Nf3 40. Bc6 41. Nd2 42.
Nh4 43. Bb2 44. Qg6 45. g3 46. Rae8 47. Kh2 48. fxg3+ 49. Rxg3 50. Qh5 51. Qe2
52. Kh7 53. Bc4 54. Qxe2 55. Rxe2 56. Nh5 57. Rg4 58. Ng6 59. Bd5 60. Nf6 61.
Rxg6 62. Kxg6 63. Bxc6 64. bxc6 65. Nc4 66. Nd7 67. Rd2 68. Rf7 69. Kg3 70. Kh7
71. Rd3 72. Re6 73. f3 74. h5 75. Ne3 76. Rg6+ 77. Kf2 78. Rgf6 79. Nc4 80. Re6
81. Ne3 82. Nf8 83. Nf5 84. Rd7 85. Ne3 86. Rxd3 87. cxd3 88. Nd7 89. Nc4 90.
c5 91. bxc5 92. Nxc5 93. Ke3 94. Nd7 95. Ke2 96. Kg6 97. Ne3 98. Kf7 99. Nd5 100.
Rc6 101. Kd2 102. Ke6 103. Nb4 104. Rd6 105. Ke3 106. Nc5 107. d4 108. exd4+ 109.
Bxd4 110. Nb7 111. Bxg7 112. Nxa5 113. f4 114. Nc4+ 115. Ke2 116. a5 117. Nd3
118. a4 119. f5+ 120. Kf7 121. Bc3 122. a3 123. e5 124. Rd5 125. e6+ 126. Ke7
127. f6+ 128. Kd6 129. Bb4+ 130. c5 131. Bxc5+ 132. Kxe6 133. Nf4+ 134. Ke5 135.
Nxd5 136. a2 137. Nb4 138. a1=Q 139. Bd4+ 140. Qxd4 141. Nc6+ 142. Kxf6 143. Nxd4
144. Kg5 145. Nf3+ 146. Kf4 147. Kf2 148. Ne5 149. Nxe5 150. Kxe5 1/2-1/2